000 00710nam a2200229Ia 4500
003 OSt
005 20220926013300.0
006 a|||||r|||| 00| 0
007 ta
008 220923b |||||||| |||| 00| 0 eng d
037 _cGeneral Book
040 _aRTL
_cRTL
_beng
041 _2eng
_aeng
082 _aX:76-75.1(X).N8, N6
100 _aCody John and others
_9318035
245 0 _aPolicy design and price reform in developing count
260 _aNew York
_bHarvester wheatsheaf.
_c1986
300 _axiv, 170p. Bibliography: P 160-66
_ccm.
650 _aPrice Regulation
_9236261
942 _hX:76-75.1(X).N8, N6
_cGB
_2CC
999 _c625586
_d625586